Albums des Schtroumpfs - Mort subite #1 - Statistiques

Statistiques générales
  • Ce quiz a été pris 116 fois
  • Le résultat moyen est 7 sur 15
Answers on the Grid
Answers color-coded by a green-red scale on the quiz's grid according to % correct below.
Un enfant chez les Schtroumpfs
Schtroumpf le héros
Salade de Schtroumpfs
On ne schtroumpfe pas le progrès
Les Schtroumpfs et les enfants perdus
Les Schtroumpfs et le trésor du Géant rouge
Les Schtroumpfs et le sanglier d'or
Les Schtroumpfs et la vengeance de Gargamel
Les Schtroumpfs et la sirène du lac
Les Schtroumpfs et la machine à rêver
Les Schtroumpfs à la casserole
Le Schtroumpfissime
Le schtroumpfeur de bijoux
Le Schtroumpf sorcier
Le Schtroumpf sauvage
Le Schtroumpf qui voulait devenir plus grand
Le Schtroumpf bûcheron
Le jardin schtroumpf
Le cosmoschtroumpf
Le bébé schtroumpf
La soupe au Schtroumpfs
La nuit des Schtroumpfs verts
La menace Schtroumpf
La grande faim des Schtroumpfs
L'Étrange réveil du Schtroumpf paresseux
L'aventure du Schtroumpf maladroit
L'aéroschtroumpf
En avant pour le train schtroumpf !
 
Statistiques - réponses
Réponse % Correct
Le cosmoschtroumpf
66%
Le Schtroumpf sauvage
63%
Le bébé schtroumpf
61%
Le Schtroumpfissime
61%
La soupe au Schtroumpfs
56%
L'aéroschtroumpf
47%
Salade de Schtroumpfs
47%
On ne schtroumpfe pas le progrès
41%
Un enfant chez les Schtroumpfs
41%
Le schtroumpfeur de bijoux
40%
La menace Schtroumpf
34%
L'Étrange réveil du Schtroumpf paresseux
34%
Schtroumpf le héros
29%
Les Schtroumpfs et la machine à rêver
24%
Les Schtroumpfs et les enfants perdus
21%
Aucun quiz correspondant
Distribution des résultats
% des personnes avec chaque résultat
Percentile par nombre de réponses
Votre historique - résultats
Vous n’avez pas pris ce quiz